| 000 | 01206cam a22003251 4500 | ||
|---|---|---|---|
| 001 | 30289 | ||
| 003 | BD-RjUL | ||
| 005 | 20211209051536.0 | ||
| 008 | 140409r19611933nyu b 001 0 eng d | ||
| 035 | _a(BD-RjUL)30374 | ||
| 040 |
_aDLC _cDLC _dDLC _dBD-RjUL _beng |
||
| 041 | _aeng | ||
| 082 | 0 | 0 |
_a901 _bWHA 1961 |
| 100 | 1 |
_aWhitehead, Alfred North, _d1861-1947. _93429 |
|
| 245 | 1 | 0 |
_aAdventures of ideas / _cby Alfred North Whitehead. |
| 260 |
_aNew York : _bThe Macmillan company, _c1933 [printing 1961]. |
||
| 300 |
_axii, 392 p. ; _c22 cm. |
||
| 500 | _a"The three books--science and the modern world. Process and reality, Adventure of ideas-- ... supplement each other's omissions or compressions."--Pref. | ||
| 504 | _aincludes Bibliographical reference and index. | ||
| 505 | 0 | _apt. I. Sociological.--pt. II. Cosmological.--pt. III. Philosophical.--pt. IV. Civilization. | |
| 650 | 0 |
_aCivilization _xHistory. _992089 |
|
| 650 | 0 |
_aSociology _xHistory. _992090 |
|
| 650 | 0 |
_aCosmology _xHistory. _921340 |
|
| 650 | 0 |
_aPhilosophy _xHistory. _992091 |
|
| 650 | 0 |
_aHistory _xPhilosophy. _992092 |
|
| 650 | 0 |
_aIdeology. _9273 |
|
| 942 |
_2ddc _cBK |
||
| 999 |
_c30289 _d30289 |
||